| 000 | 01516nam a22003734a 4500 | ||
|---|---|---|---|
| 001 | ebr10026294 | ||
| 003 | CaPaEBR | ||
| 006 | m u | ||
| 007 | cr cn||||||||| | ||
| 008 | 991214s2000 dcu sb 001 0 eng | ||
| 010 | _z 99050915 | ||
| 020 | _z0815784546 (cloth : alk. paper) | ||
| 020 | _z0815784538 (pbk. : alk. paper) | ||
| 040 |
_aCaPaEBR _cCaPaEBR |
||
| 035 | _a(OCoLC)614507084 | ||
| 050 | 1 | 4 |
_aJK2281 _b.C323 2000eb |
| 082 | 0 | 4 |
_a324.7/0973 _221 |
| 245 | 0 | 0 |
_aCampaign warriors _h[electronic resource] : _bthe role of political consultants in elections / _cJames A. Thurber, Candice J. Nelson, editors. |
| 260 |
_aWashington, D.C. : _bBrookings Institution Press, _cc2000. |
||
| 300 | _avii, 216 p. | ||
| 504 | _aIncludes bibliographical references and index. | ||
| 533 |
_aElectronic reproduction. _bPalo Alto, Calif. : _cebrary, _d2013. _nAvailable via World Wide Web. _nAccess may be limited to ebrary affiliated libraries. |
||
| 650 | 0 |
_aCampaign management _zUnited States. |
|
| 650 | 0 |
_aPolitical campaigns _zUnited States. |
|
| 650 | 0 |
_aPolitical consultants _zUnited States. |
|
| 650 | 0 | _aCampaign management. | |
| 650 | 0 | _aPolitical campaigns. | |
| 650 | 0 | _aPolitical consultants. | |
| 655 | 7 |
_aElectronic books. _2local |
|
| 700 | 1 |
_aThurber, James A., _d1943- |
|
| 700 | 1 |
_aNelson, Candice J., _d1949- |
|
| 710 | 2 | _aebrary, Inc. | |
| 856 | 4 | 0 |
_uhttp://site.ebrary.com/lib/rucke/Doc?id=10026294 _zAn electronic book accessible through the World Wide Web; click to view |
| 999 |
_c23056 _d23056 |
||